00404nam a2200145Ia 4500008004100000020001800041041000800059082001500067100002500082245007900107260002300186300000800209365001600217700002500233230718s9999 xx 000 0 und d a9789352137602 aeng a006.3bDAS aDas Bhattacharjee A. aPractice Workbook Artificial Intelligence And Soft Computing For Beginners c2018bSPD/O'Reilly a190 cRs.b325.00 aDas Bhattacharjee A.